Jung Kook Charting Songs (Billboard Hot 100) - Statistics

General Stats
  • This quiz has been taken 73 times
    19 since last reset
  • The average score is 5 of 7
Answer Stats
Album Weeks On Peak Artist(s) Song % Correct
Golden 15 Weeks #1 (1 Week) Jung Kook ft. Latto Seven
100%
Golden 9 Weeks #5 Jung Kook ft. Jack Harlow 3D
86%
Charlie 17 Weeks #22 Charlie Puth ft. Jung Kook Left and Right
86%
Golden 19 Weeks #5 Jung Kook Standing Next To You
86%
The First Time 6 Weeks #44 Kid LAROI, Jung Kook & Central Cee Too Much
57%
Non-Album Single 1 Week #97 Jung Kook Never Let Go
29%
Non-Album Single 1 Week #95 Jung Kook Stay Alive
21%
No matching quizzes found
Score Distribution
Percent of People with Each Score
Percentile by Number Answered
Your Score History
You have not taken this quiz since the last reset